Normal view
MARC view
- Dobree, Benamy .
Entry Personal Name
001 - CONTROL NUMBER
- control field: 1933
003 - CONTROL NUMBER IDENTIFIER
- control field: OSt
005 - DATE AND TIME OF LATEST TRANSACTION
- control field: 20161020105934.0
008 - FIXED-LENGTH DATA ELEMENTS
- fixed length control field: 161020|| aca||aabn | a|a d
040 ## - CATALOGING SOURCE
- Original cataloging agency: OSt
- Transcribing agency: OSt
100 ## - HEADING--PERSONAL NAME
- Personal name: Dobree, Benamy .
670 ## - SOURCE DATA FOUND
- Source citation: Work cat.: (OSt)3985: Dobree, Benamy ., Restoration Comedy 1660-1720 / , 1962.
